000 01727nam0a2200385 4500
001 RU\NLR\BIBL_A\022440894
005 20250311122237.0
010 _a978-5-04-191651-0
_97000
021 _aRU
_bКН-П-24-077114
_9КН-П-24-7708
035 _a(NLR Aleph) 022440894
090 _a13352012
_c13352012
100 _a20250130d2024 u y0rusy50 ca
101 1 _arus
_cger
102 _aRU
105 _aa z 001zy
181 0 _ai3
_baxxe
182 0 _an
200 1 _aТы можешь полюбить себя
_eпринять свои слабости, чтобы обрести уверенность в себе
_fСтефани Шталь
_g[перевод с немецкого Н. И. Христофоровой]
203 _aТекст
_bвизуальный
_cнепосредственный
210 _aМосква
_cЭксмо, Бомбора
_d2024
215 _a347 с.
_cил.
_d21
225 1 _aОсколки детских травм. Книги, которые заменят психолога
300 _aНа обороте тит. с. авт.: С. Шталь - психотерапевт
320 _aБиблиогр.: с. 339-340 и в подстроч. примеч.
320 _aАлф. указ.: с. 341-347
320 _aДр. кн. авт. на 3-й с. обл.
333 _a16+
606 1 _aУверенность в себе
_jПопулярные издания
_xПсихологические исследования
_92078176
_3RU\NLR\AUTH\661254006
686 1 _aЮ935.215я9
686 1 _aЮ935.215я9
700 1 _aШталь
_bС.
_f1963-
_gСтефани
942 _cBOOK
980 _aNB